Ceria kasih

Bibliographic Details
Main Author: Elby Wahida
Format: Book
Published: Kuala Lumpur : DBP , 1995
Subjects:

MARC

LEADER 00000cam a2200000 7i4500
001 0000006863
002 000007395
005 20000330.0
020 |a 9836247149 
090 0 0 |a F   |b ELB 
100 0 |a Elby Wahida 
245 1 0 |a Ceria kasih   |c Elby Wahida 
260 |a Kuala Lumpur :   |b DBP ,   |c 1995 
300 |a 114 p. ;   |c 19 cm. 
650 0 0 |a General fiction, Malay 
999 |a 051418   |b BUKU   |c PINJAMAN   |e PERPUSTAKAAN KOMUNITI PETALING JAYA 
999 |a 051419   |b BUKU   |c PINJAMAN   |e PERPUSTAKAAN KOMUNITI PETALING JAYA 
999 |a 051420   |b BUKU   |c PINJAMAN   |e PERPUSTAKAAN KOMUNITI PETALING JAYA